| 000 | 00765nab a2200229u 4500 | ||
|---|---|---|---|
| 001 | 19355 | ||
| 003 | HDC | ||
| 007 | c| |||a|c|aaaa | ||
| 008 | 210226b20100315my ||||o |||| 00| 0 eng d | ||
| 040 | _aHDC | ||
| 245 | 0 | _aAHC-EUROPE: The European Association of Halal Certifiers | |
| 336 |
_atext _2rdacontent |
||
| 337 |
_acomputer _2rdamedia |
||
| 338 |
_aonline resource _2rdacarrier |
||
| 650 |
_aEuropean Association of Halal Certifiers (AHC-EUROPE) _917786 |
||
| 650 |
_aHalal Certifiers _917787 |
||
| 710 | _aBernama | ||
| 856 | _zRequest full-text at [email protected] | ||
| 942 | _2lcc | ||
| 942 | _cNEWS | ||
| 942 | _kNWS0 003518 | ||
| 999 |
_c16671 _d16671 |
||